000 004270000a22001810004500
003 MACL
005 20150916114341.0
008 150916b xxu||||| |||| 00| 0 eng d
040 _aMACL
_cMACL
041 _aEnglish
082 _a823/RAO
100 _aRao, Raja
_98268
245 _aThe Serpent and The Rope
260 _bOrient Paperbacks
_c1968
_aDelhi
350 _a18
650 _aFicition
_911466
942 _cBK
_k823
_2ddc
999 _c6191
_d6191